Silurian-Devonian 40Ar/39Ar mineral ages from the Kaintaleck Nappe: evidence for mid-Paleozoic tectonothermal activity in upper Austroapline basement units of the Eastern Alps (Austria)

Bibliographic Details
Main Authors: Handler, Robert (Author), Neubauer, Franz (Author), Herrmann, Siegfried (Author), Dallmeyer, R. David (Author)
Format: Article
Language:Slovak
English
PhysicalDescription:Obr., tab.
ISSN:1335-0552
Subjects:

MARC

LEADER 00000nab a2200000 a 4500
001 vtls000694532
003 SK-MaSNL
005 20260304083846.0
008 250425c1999 xo 0 slo
015 |a SNBRB1999/05-14152 
035 |a CLN000046699 
035 |a urn:nbn:sk:snk-ab78zg 
035 |a (uuid)4e8a027e-42c8-42bc-996e-a14d4276ee58 
035 |a (urnnbn)urn:nbn:sk:snk:ar-a077un 
035 |a (sysno)vtls000694532 
040 |a SNKBUCL  |b slo  |c SNKBUCL  |e AACR2 
041 0 |a eng 
044 |a xo  |c SK 
080 |a 552.44/.48(234.32)"613"  |2 1997 
080 |a 551.73  |2 1997 
245 0 0 |a Silurian-Devonian 40Ar/39Ar mineral ages from the Kaintaleck Nappe: evidence for mid-Paleozoic tectonothermal activity in upper Austroapline basement units of the Eastern Alps (Austria)  |c Robert Handler ... [et al.] 
300 |b Obr., tab. 
504 |a Res. angl. 
504 |a Bibliogr. odkazy 
650 0 7 |a minerály  |y paleozoikum stredné  |z Východné Alpy (Rakúsko)  |x datovanie  |2 snkbucl  |9 1375339 
651 7 |a Kaintaleck (Rakúsko)  |x geochronológia  |2 snkbucl  |9 1375340 
655 7 |a články z novín a časopisov  |2 snkbucl  |9 267496 
700 1 |a Handler, Robert  |4 aut  |9 1157907 
700 1 |a Neubauer, Franz  |4 aut  |9 575276 
700 1 |a Herrmann, Siegfried  |4 aut  |9 1375341 
700 1 |a Dallmeyer, R. David  |4 aut  |9 1375342 
773 0 |t Geologica carpathica  |g Roč. 50, č. 3 (1999), s. 229-239  |x 1335-0552 
850 |a Slovenská národná knižnica 
852 |a Slovenská národná knižnica 
958 |a article27 
958 |a AT 
958 |a NB 
958 |a OND 
958 |a EUIPO 
999 |c 2801475  |d 2803405